|
|
|
|
| LEADER |
00000ny a22000003n 4500 |
| 005 |
20110513111155.0 |
| 008 |
091221s us 000 eng d |
| 035 |
|
|
|a 4694
|
| 040 |
|
|
|a BUS
|d vLex
|
| 090 |
|
|
|c 1850
|d 1850
|
| 245 |
3 |
0 |
|a Missouri lawyers media
|h [Recurso electrn̤ico]
|
| 256 |
|
|
|a Servicio en ln̕ea
|
| 260 |
|
|
|a Estados Unidos :
|b ProQuest LLC
|
| 506 |
1 |
|
|a Contenido solo disponible en los productos indicados
|d vLex Global
|d vLex Global (Academic Edition, excluding Law Schools)
|d vLex Global (U.S. Academic Edition, excluding Law Schools)
|
| 650 |
0 |
4 |
|a Abogados
|z Estados Unidos
|x Publicaciones perid̤icas
|
| 740 |
0 |
|
|a vLex Revista (Servicios en ln̕ea)
|
| 843 |
|
|
|a Electrn̤ica. Abierta
|
| 853 |
|
|
|8 1
|i (year)
|j (month)
|k (day)
|
| 856 |
4 |
0 |
|u http://vlex.com/source/4694
|z Acceso restringido
|
| 942 |
|
|
|c REV
|